| 000 | 00442nam a22001577a 4500 | ||
|---|---|---|---|
| 003 | OSt | ||
| 008 | 260508b |||||||| |||| 00| 0 eng d | ||
| 082 |
_a633.18 _bP74E |
||
| 100 | _aPrasad, Janardan | ||
| 245 | _aEfficacy of Different Sources of Nitrogenous Fertilizer in Rice Cultivars under Submerged Situation | ||
| 260 |
_aPusa, Samastipur _bRAU _c1986 |
||
| 300 | _a53P. | ||
| 502 |
_bMsc. _d1986 |
||
| 650 | _aAgronomy | ||
| 942 |
_2ddc _cT |
||
| 999 |
_c50523 _d50523 |
||